Name the artist for these rock/pop albums - Statistics

General Stats
  • This quiz has been taken 167 times
  • The average score is 9 of 45
Answer Stats
Album Answer % Correct
At Folsom Prison Johnny Cash
71%
Never mind the bollocks Sex Pistols
66%
Sticky fingers The Rolling Stones
65%
The man who sold the world David Bowie
60%
Back to black Amy Winehouse
59%
Blonde on Blonde Bob Dylan
52%
Odelay Beck
43%
Nebraska Bruce Springsteen
39%
Double fantasy John Lennon
39%
Combat Rock The Clash
34%
Doolittle Pixies
31%
White blood cells The White Stripes
29%
Different Class Pulp
28%
Is this it The Strokes
27%
The Great Escape Blur
24%
Pop U2
22%
Telegraph Road Dire Straits
20%
Pornography The Cure
20%
Berlin Lou Reed
16%
Full moon fever Tom Petty
16%
Raindogs Tom Waits
16%
Murder Ballads Nick Cave
15%
Eat to the beat Blondie
10%
Blunderbuss Jack White
10%
Era Vulgaris Queens of the Stone Age
10%
Veni vidi vicious The Hives
10%
Washing machine Sonic Youth
9%
True Stories Talking Heads
9%
You could have it so much better Franz Ferdinand
8%
Chunga's Revenge Frank Zappa
7%
Thirteen tales from urban bohemia The Dandy Warhols
5%
The life pursuit Belle and Sebastian
4%
Hallowed ground Violent Femmes
4%
Souljacker Eels
3%
The future Leonard Cohen
3%
Peaceful, the world lays me down Noah and the Whale
3%
Oh No Ok Go
3%
Ta-Dah! Scissors Sisters
2%
Mink Rat or Rabbit The Detroit Cobras
2%
Here we stand The Fratellis
2%
Sixes & Sevens Adam Green
1%
Back it up Caro Emerald
1%
Gorgeous George Edwin Collins
1%
Escondida Jolie Holland
1%
Phantom power Super Furry Animals
1%
No matching quizzes found
Score Distribution
Percent of People with Each Score
Percentile by Number Answered
Your Score History
You have not taken this quiz